000 00748cam a2200217 i 4500
999 _c14271
_d14271
003 OSt
005 20260304130744.0
008 170609s2018 nyuab b 001 0 eng
020 _a9781138692145
_qpbk.
042 _apcc
050 0 0 _aNA2543.S6
_bM566 2018
082 0 0 _a720.1/03
_223
100 1 _aMitchell, Maurice,
_eauthor.
245 1 0 _aLoose fit city :
_bthe contribution of bottum-up architecture to urban design and planning /
_cMaurice Mitchell and Bo Tang.
300 _axviii, 234 pages :
_billustrations, maps ;
_c26 cm
504 _aIncludes bibliographical references (pages 217-222) and index.
650 0 _aArchitecture and society.
650 0 _aCity planning.
700 1 _aTang, Bo
_q(Bo Ming),
_d1983-
_eauthor.
942 _2ddc